000
00311nam a22001337a 4500
008
181107b xxu||||| |||| 00| 0 eng d
020
_a
0312115040
041
_a
eng
080
_a
573
100
_a
11
101
_a
BIO
245
_a
Writing Papers in the Biological Sciences
_c
McMillan, V.E
942
_2
udc
_c
BK
999
_c
52242
_d
52242